Gaming Quiz

Random Gaming or Board Games Quiz

Board Game Slogans Quiz Stats

Quiz Updated Feb 11, 2015

Also try: Board Game Pieces
Challenge
Share
Tweet
Embed
Score 0/22 Timer 07:00
0 Plays Today
Slogan Game % Correct
An Unsolved Mystery with the Usual SuspectsClue (Cluedo)
97.4%
Skill Game Where You Are the DoctorOperation
96.4%
The World's Most Popular Board GameMonopoly
87.3%
The Classic Naval Combat GameBattleship
83.1%
The Game of Global DominationRisk
79%
The Ultimate Trivia ChallengeTrivial Pursuit
78%
The Ultimate Stacking GameJenga
76.4%
The Colored Card GameUNO
75.4%
The Classic Shake and Score Dice GameYahtzee
74.6%
The Frantic Marble Munching GameHungry Hungry Hippos
74%
A Game of Zany Action in a Crazy ContraptionMousetrap
72.4%
Slogan Game % Correct
The Original Mystery Face Guessing GameGuess Who?
68.4%
The Game that Ties You Up in KnotsTwister
68.1%
Crossword GameScrabble
67.2%
The Vertical Checkers GameConnect Four
65.7%
A Game for Your Whole BrainCranium
57%
A Family GameThe Game of Life
55.1%
A Child's First GameCandyland
52.3%
The Game of Quick DrawPictionary
49.5%
The Game of Sweet RevengeSorry
43.3%
The Game of Hilarious ComparisonsApples to Apples
38%
The Game of Unspeakable FunTaboo
34%

You're not logged in!

Compare scores with friends on all Sporcle quizzes.
Sign Up with Email
OR
Log In

You Might Also Like...

Show Comments

Extras

Top Quizzes Today


Score Distribution

Your Account Isn't Verified!

In order to create a playlist on Sporcle, you need to verify the email address you used during registration. Go to your Sporcle Settings to finish the process.

Report this User

Report this user for behavior that violates our Community Guidelines.

Details: